Łemkowie, bojkowie, rusini - historia, wspołczesność, kultura materialna i duchowa. Tom IV. Cz. 2 (Запис № 442730)

МАРК-запис
000 -Лідер
fixed length control field 00937 a2200253 4500
003 - Ідентифікатор контрольного номера
control field UA-OsUOA
005 - Дата та час останнього входження (трансакції)
control field 20200114211954.0
008 - Елементи даних фіксованої довжини – загальна інформація
fixed length control field 191120b un ||||| |||| 00| 0 pol d
020 ## - Міжнародний стандартний книжковий номер (ISBN)
Міжнародний стандартний книжковий номер (ISBN) (НП) 9788360087633
040 ## - Джерело каталогізації
Агенція оригінальної каталогізації UA-OsUOA
Мова каталогізації pol
Агенція, яка здійснювала перезапис UA-OsUOA
Агенція, яка здійснювала модифікацію UA-OsUOA
041 ## - Код мови
Код мови тексту/ звукової доріжки чи окремого заголовка (П) pol
080 ## - Індекс Універсальної десяткової класифікації
Індекс Універсальної десяткової класифікації (УДК) (НП) 082
090 ## - Локальний шифр розміщення
Класифікаційний індекс УДК 082
Авторський знак (НП) L53
245 ## - Відомості про назву
Назва (НП) Łemkowie, bojkowie, rusini - historia, wspołczesność, kultura materialna i duchowa. Tom IV. Cz. 2
Дані про відповідальність (НП) red. : Stefan Dudra ; Bohdan Halczak ; Roman Drozd i in.
260 ## - Публікація, розповсюдження і т.п. (Вихідні дані)
Дата публікації, розповсюдження і т.п. (П) 2012
Місце публікації, розповсюдження і т.п. (П) Słupsk ; Zielona Góra
300 ## - Фізичний опис
Обсяг 672 s.
650 ## - Додаткове предметне введення – тематичний термін
Тематичний термін чи географічна назва, як елемент введення (НП) 082 Збірники творів різних авторів на різні теми
700 1# - Додаткове введення – ім'я особи
Термін відношення red.
Ім’я особи (НП) Stefan Dudra
700 1# - Додаткове введення – ім'я особи
Термін відношення red.
Ім’я особи (НП) Roman Drozd
700 1# - Додаткове введення – ім'я особи
Термін відношення red.
Ім’я особи (НП) Bohdan Halczak
942 ## - Додаткові елементи входу (Коха)
Тип елемента Koha Книги
Source of classification or shelving scheme Universal Decimal Classification
955 ## - Код типу видання за змістом
Код типу видання за змістом (НП) Наукові видання
Фонди
Стан вилучень Стан втрат Джерело класифікації або схеми стелажів Стан уражень Не для кредиту Постійне місце розташування Поточне розміщення Дата придбання Джерело придбання Вартість, звичайна ціна покупки Інвентарний номер Усього замовленно Повний номер виклику Штрих-код Перевірено Дата останнього перегляду Дата останньої перевірки Ціна ефективна від Тип елемента Koha
    Universal Decimal Classification     Наукова бібліотека ІДУД Наукова бібліотека ІДУД 20/11/2019 Акт надходження № 344/2019 (загальний 2.10.2019) 1.00 2139583 1 082 L53 2139583 12/05/2020 12/02/2020 12/02/2020 20/11/2019 Книги